000 00497nam a2200181 4500
001 113051
003 ES-MaACL
007 t|
008 061121s1984 sp r ||||1| spa d
100 1 _aNúñez, Raúl.
_986166
245 1 0 _aSinatra
_b: novela urbana /
_cRaúl Núñez.
260 _aBarcelona :
_bAnagrama,
_c1984.
300 _a141 p. ;
_c20 cm.
490 1 _aContraseñas ;
_v62
830 0 _aContraseñas ;
_v62
_9179727
852 _aES-MaACL
_jL-8864
_bR.109007
999 _c113051
_d113051